| 000 | 00990nam0a22002771 4500 | ||
|---|---|---|---|
| 001 | rc\3599808 | ||
| 005 | 20260407122631.0 | ||
| 021 |
_aRU _b72-2506 |
||
| 021 |
_aRU _bРг4983-72 |
||
| 035 | _a(NLR Aleph) 007706671 | ||
| 090 |
_a6806199 _c6806199 |
||
| 100 | _a20130115d1971 |||y0rusy50 ca | ||
| 101 | 0 | _arus | |
| 102 | _aRU | ||
| 105 | _ay z ||||| | ||
| 200 | 1 |
_aПсевдоучение секты "Свидетелей Иеговы" _eМетод. пособие _fОбл. организация о-ва "Знание" |
|
| 210 |
_aИркутск _cБ. и. _d1971 |
||
| 215 |
_a34 с. _d20 |
||
| 320 | _aБиблиогр.: с. 34 | ||
| 532 | 1 | 3 | _aПсевдоучение секты Свидетелей Иеговы |
| 712 | 0 | 2 |
_a"Знание", общество РСФСР _bИркутское областное отделение _3RU\NLR\AUTH\889959485 _9415144 |
| 801 | 0 |
_aRU _bNLR _gpsbo |
|
| 801 | 1 |
_aRU _bELAR _2rusmarc |
|
| 852 |
_aNLR _j72-4/7953 |
||
| 942 | _cBOOK | ||
| 980 | _aNB | ||